| 000 | 01133nam0a22002531 4500 | ||
|---|---|---|---|
| 001 | rc\1141799 | ||
| 005 | 20041129084319.0 | ||
| 035 | _a(NLR Aleph) 006388215 | ||
| 090 |
_a5130405 _c5130405 |
||
| 100 | _a20041129d1980 u |0rusy50 ca | ||
| 101 | 0 | _arus | |
| 102 | _aRU | ||
| 105 | _aa ||||||||| | ||
| 200 | 1 |
_aИсследование структуры и волновых свойств околоземной плазмы _e[Сб. статей] _fАН СССР, Ин-т земного магнетизма, ионосферы и распространения радиоволн _g[Отв. ред. Д.С. Флигель] |
|
| 210 |
_aМ. _cИЗМИРАН _d1980 |
||
| 215 |
_a123 с. _cил. _d22 |
||
| 320 | _aБиблиогр. в конце статей | ||
| 702 | 1 |
_aФлигель _bД. С. _gДора Самуиловна _4340 |
|
| 712 | 0 | 2 |
_aНИИ земного магнетизма, ионосферы и распространения радиоволн _cКрасная Пахра _3RU\NLR\AUTH\8810018871 |
| 801 | 0 |
_aRU _bNLR _gpsbo |
|
| 801 | 1 |
_aRU _bELAR _2rusmarc |
|
| 852 |
_aNLR _j81-5/1082 |
||
| 942 | _cBOOK | ||
| 980 | _aNB | ||